HIV/AIDS In The Middle East And North Africa The Cost Of Inaction / (رقم التسجيلة. 95311)

تفاصيل مارك
000 -LEADER
fixed length control field 00653nam a22002297a 4500
005 - DATE AND TIME OF LATEST TRANSACTION
control field 20251108173052.0
008 - FIXED-LENGTH DATA ELEMENTS--GENERAL INFORMATION
fixed length control field 250721s2003 xx 000 0 eng d
020 ## - INTERNATIONAL STANDARD BOOK NUMBER
International Standard Book Number 821355783
082 14 - DEWEY DECIMAL CLASSIFICATION NUMBER
Classification number WB/616.9792/ JEN
100 1# - MAIN ENTRY--PERSONAL NAME
Personal name jenkins, carol
245 10 - TITLE STATEMENT
Title HIV/AIDS In The Middle East And North Africa The Cost Of Inaction /
264 1# - PRODUCTION, PUBLICATION, DISTRIBUTION, MANUFACTURE, AND COPYRIGHT NOTICE
Place of production, publication, distribution, manufacture washington :
Name of producer, publisher, distributor, manufacturer The International Bank For Reconstruction and Development,
Date of production, publication, distribution, manufacture, or copyright notice 2003.
300 ## - PHYSICAL DESCRIPTION
Extent 173 P
650 17 - SUBJECT ADDED ENTRY--TOPICAL TERM
Topical term or geographic name as entry element AIDS (DISEASE)
650 17 - SUBJECT ADDED ENTRY--TOPICAL TERM
Topical term or geographic name as entry element HIV (VIRUSES)
650 17 - SUBJECT ADDED ENTRY--TOPICAL TERM
Topical term or geographic name as entry element AFRICA
650 17 - SUBJECT ADDED ENTRY--TOPICAL TERM
Topical term or geographic name as entry element NORTH AFRICA
650 17 - SUBJECT ADDED ENTRY--TOPICAL TERM
Topical term or geographic name as entry element MIDDLE EAST
700 1# - ADDED ENTRY--PERSONAL NAME
Personal name robalino, david a.
942 ## - ADDED ENTRY ELEMENTS (KOHA)
Source of classification or shelving scheme Dewey Decimal Classification
Koha item type كتب
المقتنيات
حالة السحب حالة الفقدان مصدر التصنيف حالة التلف غير قابل للإعارة المكتبة الرئيسية المكتبة الحالية موقع الرف تاريخ التزويد الرقم المتسلسل Total Checkouts رقم الإستدعاء الباركود تاريخ آخر ظهور تاريخ الفاتورة نوع المادة (كوها)
    Dewey Decimal Classification   Not For Loan المكتبة المركزية المكتبة المركزية مركز المعلومات العامة 28/07/2025 854482   WB/616.9792/ JEN 854482 28/07/2025 28/07/2025 كتب
Implemented & Customized by: BBB with SCIT (Smart Chains for Information Technology)

Powered by Koha